00525nam a2200193Ia 450000500170000000800460001703700110006304000080007404000080008204000080009004100080009804100080010608400080011410000390012224500900016126000090025130000100026070000610027020260430150722.0008 250103s9999 xx 000 0 eng d aTheses aCRL beng ceng 2eng aeng qCRL aKhanam Atiya Au.; Iffat Zarrin Gu. 0aNaye Urdu afsane (1980 ke baad) ki zuban mein hone wali tabdiliyon ka tanqeedi jayeza c2024 a327p. aUniversity of Delhi. Faculty of Arts. Department of Urdu